Sports Quiz

Random Sports or College Quiz

College Football National Champions Quiz Stats

 Plays Quiz Updated Jan 11, 2021

Support Sporcle.
Go Orange.
Score 0/89 Timer 08:00
4 Plays Today
Year College / University % Correct
2020Alabama
99%
2015Alabama
98.9%
2017Alabama
98.9%
2012Alabama
98.8%
2011Alabama
98.8%
2009Alabama
98.8%
1979Alabama
98.8%
1992Alabama
98.8%
1961Alabama
98.8%
1964Alabama
98.8%
1965Alabama
98.8%
1973Alabama
98.8%
1978Alabama
98.8%
2018Clemson
97.3%
2014Ohio State
97%
1954Ohio State
97%
1957Ohio State
97%
1961Ohio State
97%
1968Ohio State
97%
2002Ohio State
97%
1970Ohio State
97%
1996Florida
96.9%
2006Florida
96.9%
2008Florida
96.9%
2019LSU
96.8%
2016Clemson
96.3%
1963Texas
95.8%
1969Texas
95.8%
1970Texas
95.8%
2005Texas
95.8%
Year College / University % Correct
2013Florida State
95.5%
1993Florida State
95.5%
1999Florida State
95.5%
1997Michigan
94%
1962USC
93.7%
1967USC
93.7%
1972USC
93.7%
1974USC
93.7%
1978USC
93.7%
2003USC
93.7%
2004USC (vacated)
93.7%
1950Oklahoma
92%
1955Oklahoma
92%
1956Oklahoma
92%
1975Oklahoma
92%
1985Oklahoma
92%
2000Oklahoma
92%
1974Oklahoma
92%
1958LSU
91.9%
2007LSU
91.9%
2003LSU
91.9%
2010Auburn
90.6%
1957Auburn
90.5%
1983Miami
89%
1987Miami
88.9%
1989Miami
88.9%
2001Miami
88.9%
1991Miami
88.9%
1980Georgia
87.9%
1964Notre Dame
86.7%
Year College / University % Correct
1966Notre Dame
86.7%
1973Notre Dame
86.7%
1977Notre Dame
86.7%
1988Notre Dame
86.7%
1981Clemson
86.6%
1971Nebraska
85.3%
1994Nebraska
85.3%
1995Nebraska
85.3%
1997Nebraska
85.3%
1970Nebraska
85.3%
1982Penn State
83.6%
1986Penn State
83.6%
1954UCLA
82.8%
1952Michigan State
82.5%
1965Michigan State
82.5%
1966Michigan State
82.5%
1951Tennessee
82.5%
1998Tennessee
82.5%
1991Washington
79.1%
1960Ole Miss
70.1%
1990Colorado
69.6%
1990Georgia Tech
65.9%
1964Arkansas
65.4%
1958Iowa
64.4%
1960Minnesota
62.9%
1976Pittsburgh
59.9%
1984BYU
59%
1959Syracuse
55.8%
1953Maryland
51.5%

From the Vault

Subcategory Sort: Friends, HIMYM, or TBBT

by BookishGirl98

Should we abbreviate Friends as 'F' so it doesn't feel left out?
Remove Ads.
Support Sporcle.
Get the best of Sporcle when you Go Orange. This ad-free experience offers more features, more stats, and more fun while also helping to support Sporcle. Thank you for becoming a member.

Show Comments

Extras

Top Quizzes Today


Score Distribution

Your Account Isn't Verified!

In order to create a playlist on Sporcle, you need to verify the email address you used during registration. Go to your Sporcle Settings to finish the process.

Report this User

Report this user for behavior that violates our Community Guidelines.

Details: